Production Technology Manufacturing Processes- Volume-I (Record no. 342545)
[ view plain ]
| 000 -LEADER | |
|---|---|
| fixed length control field | 00305nam a22001097a 4500 |
| 020 ## - INTERNATIONAL STANDARD BOOK NUMBER | |
| International Standard Book Number | 9789383182046 |
| 082 ## - DEWEY DECIMAL CLASSIFICATION NUMBER | |
| Classification number | 670 |
| Item number | KHA/PR |
| 100 ## - MAIN ENTRY--PERSONAL NAME | |
| Personal name | Khanna,O.P |
| 9 (RLIN) | 457 |
| 245 ## - TITLE STATEMENT | |
| Title | Production Technology Manufacturing Processes- Volume-I |
| 260 ## - PUBLICATION, DISTRIBUTION, ETC. (IMPRINT) | |
| Place of publication, distribution, etc. | New Delhi |
| Name of publisher, distributor, etc. | Dhanpat Rai Publications (P) Ltd |
| Date of publication, distribution, etc. | 2013 |
| 942 ## - ADDED ENTRY ELEMENTS (KOHA) | |
| Koha item type | Books (General) |
| Withdrawn status | Lost status | Damaged status | Not for loan | Collection code | Home library | Current library | Shelving location | Date acquired | Source of acquisition | Cost, normal purchase price | Total Checkouts | Full call number | Barcode | Date last seen | Date checked out | Price effective from | Koha item type |
|---|---|---|---|---|---|---|---|---|---|---|---|---|---|---|---|---|---|
| Kelappaji College of Agricultural Engineering & Technology Library, Tavanur | Kelappaji College of Agricultural Engineering & Technology Library, Tavanur | 31/03/2018 | Aman Books, Calicut | 350.00 | 2 | 670 KHA/PR | KAU_KCAEFT-25625 | 05/08/2024 | 09/11/2022 | 26/05/2018 | Books (General) | ||||||
| Kelappaji College of Agricultural Engineering & Technology Library, Tavanur | Kelappaji College of Agricultural Engineering & Technology Library, Tavanur | 31/03/2018 | Aman Books, Calicut | 350.00 | 670 KHA/PR | KAU_KCAEFT-25626 | 26/05/2018 | 26/05/2018 | Books (General) |
